000
00325nam a22001337a 4500
008
210303b ||||| |||| 00| 0 eng d
020
_a
9780132122702
041
_a
eng
080
_2
5th
_a
004
100
_a
30
101
_a
SHKI
245
_a
Web Development and Design Foundations with XHTML
_c
Morris,F.T
942
_2
udc
_c
BK
999
_c
55596
_d
55596